000 00664cam a2200229 04500
001 44703
090 _a44703
100 _a19780301d1977 m y0pory50030103ba
101 1 _apor
102 _aPT
200 1 _aA aritmética na base-dois
_fKellie Gardner
_gtrad. Ana Clara Soares
_gil. de Carlo Wieland, Mireille Wieland
210 9 _aPaçco de Arcos
_cEixo,
_d1977
215 _a30, [2] p.
_cil.
_d24 cm
225 2 _aJá percebi
_v7
317 _aBiblioteca Matilde Rosa Araújo
675 _a51
700 1 _aGardner,
_bKellie
702 1 _aSoares,
_bAna Clara
_4730
702 1 _aWieland,
_bCarlo
_4440
702 1 _aWieland,
_bMireille
_4440
801 0 _aPT
_bBN
_gRPC
990 _cLIVROS